Friends - The Ultimate Hard Quiz - Statistics

General Stats
  • This quiz has been taken 237 times
  • The average score is 13 of 40
Answer Stats
Hint Answer % Correct
Which one of Joey's sisters did Chandler fool around with? Mary Angela
77%
Who tells Rachel that Ross cheated? Gunther
71%
How many guest towels does Monica have? 11
68%
Which of Joey's sisters punched Chandler? Cookie
64%
Where were Rachel and Barry meant to go on their honeymoon? Aruba
62%
What book belonged to Joey does Rachel find in the freezer? The Shining
59%
When Ross invites Joey and Rachel over for dinner with him and Charlie, what food does he cook? Fajitas
56%
When Rachel gets back from fooling around with Barry, what does she have stuck in her hair? Floss
52%
What is Ross' rage nickname when he's playing rugby? Red Ross
52%
What song does Rachel sing at Barry and Mindy's wedding? Copacabana
50%
Where does Rachel say she's going instead of Danny's party? Gala / Regatta Gala
49%
Where does Jack Geller want to be buried? The sea
46%
Who does the TV Guide get delivered to every week? Chanandler Bong
43%
Where did Richard kiss Rachel when she crashed her bike outside his house? Nose
40%
What number apartment does Danny live in? 5
36%
Where does the girl that Ross cheats on Rachel with work? The Xerox place
36%
What is the name of the guy who works with Chloe, the girl who Ross begs him not to tell Rachel that he slept with? Isaac
33%
What state does Ross list twice when guessing all 50 US States? Nevada
32%
What is the address in Yemen that Chandler is moving to? 15 Yemen Road, Yemen
31%
What are there none of open past midnight in the village according to Fun Bobby? Hardware stores
30%
What fake name does Chandler use to avoid Bob in his office? Toby
30%
What role does Ross agree to play in Frank Buffay and Alice's wedding? Ring bearer
26%
Ross broke a little girls leg. What was her name? Sarah
25%
Where is Rachel meant to go skiing on Thanksgiving? Vail
25%
Where is Tag Jones from? Colorado
23%
What is Russ a doctor of? Gums
22%
Ross is allergic to Kiwi and what else? Lobster
20%
What is Joey Sr's mistress' name? Ronnie
20%
What is the name of Eddy's fish? Buddy
19%
What is the name of Mike's dog? Chappy
19%
What are Carol's parents names? George and Adelaide
15%
Which of Joey's actor friends does Rachel go on a date with? Cash Ford
14%
Finish the quote 'that's the smallest body part you could major in, it's like day 1, floss, day two...' Here's your diploma
14%
What does Benjamin Hobart say after this? 'That's not even ...' Kinda close
11%
What is the name of the person in the apartment block who shows up at 4am for some of Monica's candy? Gary
10%
Where did Joey leave Chandler stranded when he told him he didn't think that this movie was his big break? George Washington Bridge
10%
Where did Eddy and Chandler meet? Ethnic foods section
9%
Who did Phoebe sleep with a few hours after he broke up with Monica? Jason Hurley
9%
When Joey moves back in with Chandler, what do they use as the foosball? Cantaloupe
7%
When interviewing for a grant with Benjamin Hobart, what date does Ross guess as his birthday? 12th May
3%
No matching quizzes found
Score Distribution
Percent of People with Each Score
Percentile by Number Answered
Your Score History
You have not taken this quiz